000 00671nam a2200181Ia 4500
003 GCL
008 140319s9999 xx 000 0 ara d
040 _aGCL /
_cGCL
082 0 4 _aم
_b953
_bب م
100 1 _aالبستانى: بطرس بن بولس بن عبد الله
245 1 0 _aموسوعة الحضارة العربية ( 10 اجزاء ) /
_cالبستانى: بطرس بن بولس بن عبد الله
300 _aمتعدد
490 _aالهيئة العامة للاستعلامات
_v0
650 0 4 _aالموسوعات
650 0 4 _aالحضارة الاسلامية
650 0 4 _aالحضارة العربية - موسوعات
942 _2ddc
_cBK
999 _c51883
_d51883